| 000 | 00447nam a22001457a 4500 | ||
|---|---|---|---|
| 008 | 230329b |||||||| |||| 00| 0 eng d | ||
| 020 | _a8176490768 | ||
| 040 |
_aNational Science Library _cNational Science Library |
||
| 080 |
_aD 681.324 _bN9 |
||
| 245 | _aMultimedia networking handbook 1999 | ||
| 260 |
_aNew Delhi: _bViva Book Private Limited, _c1999 |
||
| 650 | _aInformation technology | ||
| 700 | _aTrulove, James (Ed.) | ||
| 942 |
_2udc _cBK |
||
| 999 |
_c16163 _d16163 |
||